| 000 | 00431nam a22001457a 4500 | ||
|---|---|---|---|
| 082 | _aT-122 | ||
| 100 |
_aAli Waliuddin _948446 |
||
| 245 |
_aThe Feasibility of Use of Stone Mastic Asphalt in Pakistan Environments _cAli Waliuddin |
||
| 260 |
_aRisalpur _bMCE _c8-10-2001 |
||
| 300 | _aXXV, 196 p.: | ||
| 526 |
_a0 _b0 _c0 _dT_122 |
||
| 650 |
_aThesis _934811 |
||
| 700 |
_aLt Co Tariq Mahmood,psc, PhD _948526 |
||
| 942 |
_2ddc _cBK |
||
| 999 |
_c551439 _d551439 |
||